书目信息 |
| 题名: |
新疆伊犁吉林台库区墓葬人骨研究
|
|
| 作者: | 张林虎 著 | |
| 分册: | ||
| 出版信息: | 北京 科学出版社 2016.7 |
|
| 页数: | 290页 | |
| 开本: | 24cm | |
| 丛书名: | ||
| 单 册: | ||
| 中图分类: | Q983 | |
| 科图分类: | ||
| 主题词: | 人体--骨骼--研究--伊犁地区--古代 | |
| 电子资源: | ||
| ISBN: | 978-7-03-049456-6 | |
| 000 | 00897nam0 2200241 450 | |
| 001 | 0400004039 | |
| 005 | 20171023113212.0 | |
| 010 | @a978-7-03-049456-6@dCNY98.00 | |
| 100 | @a20160921e2016 em y0chiy50 ea | |
| 101 | 0 | @achi |
| 102 | @aCN@b110000 | |
| 105 | @aa z 000yy | |
| 106 | @ar | |
| 200 | 1 | @a新疆伊犁吉林台库区墓葬人骨研究@9xin jiang yi li ji lin tai ku qu mu zang ren gu yan jiu@f张林虎著 |
| 210 | @a北京@c科学出版社@d2016.7 | |
| 215 | @a290页@c图@d24cm | |
| 300 | @a中国人民大学科学研究基金(中央高校基本科研业务费专项资金资助)项目成果 | |
| 330 | @a本书从生物考古学的视角,运用骨骼测量学、牙齿人类学、古人口学、古病理学及统计学等多种方法,对这批迄今为止北疆发掘规模最大的人类骨骼遗存进行了系统研究 | |
| 606 | 0 | @a人体@x骨骼@x研究@y伊犁地区@z古代 |
| 690 | @aQ983@v5 | |
| 701 | 0 | @a张林虎@9zhang lin hu@4著 |
| 801 | 0 | @aCN@b91MARC@c20171023 |
| 905 | @b1027771-5@dQ983@f5@e48 | |
| 新疆伊犁吉林台库区墓葬人骨研究/张林虎著.-北京:科学出版社,2016.7 |
| 290页:图;24cm |
| 中国人民大学科学研究基金(中央高校基本科研业务费专项资金资助)项目成果 |
| ISBN 978-7-03-049456-6:CNY98.00 |
| 本书从生物考古学的视角,运用骨骼测量学、牙齿人类学、古人口学、古病理学及统计学等多种方法,对这批迄今为止北疆发掘规模最大的人类骨骼遗存进行了系统研究 |
| ● |
| 相关链接 |
|
|
|
|
正题名:新疆伊犁吉林台库区墓葬人骨研究
索取号:Q983/48
 
预约/预借
| 序号 | 登录号 | 条形码 | 馆藏地/架位号 | 状态 | 备注 |
| 1 | 1027771 | 210277715 | 第二样本阅览室/ [索取号:Q983/48] | 在馆 | |
| 2 | 1027772 | 210277724 | 第三借阅区/ [索取号:Q983/48] | 在馆 | |
| 3 | 1027773 | 210277733 | 第三借阅区/ [索取号:Q983/48] | 在馆 | |
| 4 | 1027774 | 210277742 | 生命科学系资料室/ [索取号:Q983/48] | 在馆 | |
| 5 | 1027775 | 210277751 | 第三借阅区/ [索取号:Q983/48] | 在馆 |